000 00672nam a2200217Ia 4500
001 11649
003 GE_BSU
008 181216s||||||||xx |||||||||||||| ||und||
020 _a2075-4440
040 _cGE_BSU
245 _aДипломатическая служба. №4 2014.
245 _bНаучно-практический журнал
245 _cгл. ред. Николенко Валерий Дмитриевич.
260 _aМосква
260 _c2014
300 _a90стр.28см.
653 _aДипломатическая служба. №4 2014.
653 _aПериодика
653 _aპერიოდიკა
942 _cCR
999 _c44835
_d44835